[Event "HUN-chT U18"]
[Site "Budapest"]
[Date "2015.08.29"]
[Round "7.33"]
[White "Vanczak, Tamas"]
[Black "Bege, Levente"]
[Result "1-0"]
[WhiteElo "2071"]
[BlackElo "1966"]
[PlyCount "49"]
[EventDate "2015.08.26"]
[EventType "team-swiss"]
[EventRounds "8"]
[EventCountry "HUN"]
[SourceTitle "EXT 2016"]
[Source "ChessBase"]
[SourceDate "2015.10.08"]
[SourceVersion "1"]
[SourceVersionDate "2015.10.08"]
[SourceQuality "1"]

1. e4 c5 2. Nf3 d6 3. d4 Nf6 4. Nc3 cxd4 5. Nxd4 a6 6. Bc4 e6 7. Qe2 Qc7 8. Bb3 Nc6 9. Be3 Be7 10. 0-0-0 b5 11. f3 Ne5 12. g4 0-0 13. g5 Nfd7 14. f4 Nc4 15. h4 Bb7 16. g6 Nf6 17. h5 Nxe4 18. h6 Bf6 19. hxg7 Bxg7 20. Rxh7 Nxc3 21. bxc3 Rac8 22. Rg1 Bd5 23. Qh5 f5 24. Nxe6 Bxe6 25. Rh1 1-0

[Event "HUN-chT U18"]
[Site "Budapest"]
[Date "2015.08.28"]
[Round "5.45"]
[White "Barasits, Balint"]
[Black "Bege, Levente"]
[Result "1/2-1/2"]
[WhiteElo "1716"]
[BlackElo "1966"]
[PlyCount "46"]
[EventDate "2015.08.26"]
[EventType "team-swiss"]
[EventRounds "8"]
[EventCountry "HUN"]
[SourceTitle "EXT 2016"]
[Source "ChessBase"]
[SourceDate "2015.10.08"]
[SourceVersion "1"]
[SourceVersionDate "2015.10.08"]
[SourceQuality "1"]

1. e4 c5 2. Nf3 d6 3. d4 Nf6 4. Nc3 cxd4 5. Nxd4 a6 6. Be3 Ng4 7. Bc1 Nf6 8. Be3 e5 9. Nf3 Be7 10. Bc4 Nbd7 11. 0-0 0-0 12. Qd2 b5 13. Bd5 Nxd5 14. Nxd5 Nf6 15. Nxf6+ Bxf6 16. Rfd1 Be7 17. Bg5 Bxg5 18. Qxg5 Bb7 19. Qe3 Qc7 20. Rd2 Rad8 21. Rad1 f5 22. Qb3+ Kh8 23. Ng5 Bc8 1/2-1/2

[Event "HUN-ch U16"]
[Site "Balatonlelle"]
[Date "2015.06.24"]
[Round "7"]
[White "Bege, Levente"]
[Black "Szukics, Adam"]
[Result "1/2-1/2"]
[WhiteElo "2004"]
[BlackElo "1985"]
[PlyCount "36"]
[EventDate "2015.06.18"]
[EventType "swiss"]
[EventRounds "7"]
[EventCountry "HUN"]
[SourceTitle "CBM 167 Extra"]
[Source "ChessBase"]
[SourceDate "2015.09.14"]
[SourceVersion "1"]
[SourceVersionDate "2015.09.14"]
[SourceQuality "1"]

1. d4 Nf6 2. c4 e6 3. g3 d5 4. Nf3 dxc4 5. Bg2 a6 6. Ne5 c5 7. Be3 Nd5 8. dxc5 Nd7 9. Nxc4 Nxe3 10. Nxe3 Bxc5 11. Nc3 0-0 12. 0-0 Bxe3 13. fxe3 Qg5 14. Qd4 Nf6 15. Qf4 Qc5 16. Qd4 Qg5 17. Qf4 Qc5 18. Qd4 Qg5 1/2-1/2

[Event "HUN-ch U16"]
[Site "Balatonlelle"]
[Date "2015.06.21"]
[Round "4"]
[White "Szuhanszki, Gergely"]
[Black "Bege, Levente"]
[Result "0-1"]
[WhiteElo "1653"]
[BlackElo "2004"]
[PlyCount "72"]
[EventDate "2015.06.18"]
[EventType "swiss"]
[EventRounds "7"]
[EventCountry "HUN"]
[SourceTitle "CBM 167 Extra"]
[Source "ChessBase"]
[SourceDate "2015.09.14"]
[SourceVersion "1"]
[SourceVersionDate "2015.09.14"]
[SourceQuality "1"]

1. Nf3 d5 2. g3 Bg4 3. Bg2 Nd7 4. d4 Ngf6 5. Nbd2 e6 6. c3 c5 7. 0-0 Bd6 8. Re1 0-0 9. h3 Bh5 10. g4 Bg6 11. Nh4 Qb6 12. Nxg6 hxg6 13. Nb3 Rac8 14. Be3 c4 15. Nc5 Nxc5 16. dxc5 Bxc5 17. Bxc5 Qxc5 18. e4 dxe4 19. Bxe4 Rfd8 20. Qf3 Nxe4 21. Qxe4 Rd2 22. Re2 Rd3 23. Re3 Rxe3 24. fxe3 Rd8 25. Re1 Rd2 26. Qxb7 Qe5 27. Qf3 Qh2+ 28. Kf1 Rxb2 29. Re2 Rb1+ 30. Re1 Qxa2 31. Qa8+ Kh7 32. Rxb1 Qxb1+ 33. Ke2 Qd3+ 34. Kf3 Qf1+ 35. Kg3 Qe1+ 36. Kf3 Qh1+ 0-1

[Event "HUN-ch U16"]
[Site "Balatonlelle"]
[Date "2015.06.19"]
[Round "2"]
[White "Marta, Dominik"]
[Black "Bege, Levente"]
[Result "1-0"]
[WhiteElo "2145"]
[BlackElo "2004"]
[PlyCount "41"]
[EventDate "2015.06.18"]
[EventType "swiss"]
[EventRounds "7"]
[EventCountry "HUN"]
[SourceTitle "CBM 167 Extra"]
[Source "ChessBase"]
[SourceDate "2015.09.14"]
[SourceVersion "1"]
[SourceVersionDate "2015.09.14"]
[SourceQuality "1"]

1. Nf3 d5 2. g3 Nf6 3. Bg2 Bg4 4. d4 c6 5. 0-0 e6 6. Ne5 Bf5 7. Nd2 Nbd7 8. Nd3 Bd6 9. Re1 0-0 10. e4 dxe4 11. Nxe4 Nxe4 12. Bxe4 Qf6 13. c3 e5 14. dxe5 Nxe5 15. Nxe5 Bxe5 16. Qc2 Bg6 17. Be3 Bxe4 18. Qxe4 Rfe8 19. Bf4 Qd8 20. Bxe5 f6 21. Qc4+ 1-0

[Event "HUN-ch U14"]
[Site "Balatonlelle"]
[Date "2014.06.26"]
[Round "7"]
[White "Nemeth, Balint"]
[Black "Bege, Levente"]
[Result "1/2-1/2"]
[WhiteElo "1572"]
[BlackElo "1955"]
[PlyCount "87"]
[EventDate "2014.06.20"]
[EventType "swiss"]
[EventRounds "9"]
[EventCountry "HUN"]
[SourceTitle "EXT 2024"]
[Source "ChessBase"]
[SourceDate "2023.10.10"]
[SourceVersion "1"]
[SourceVersionDate "2023.10.10"]
[SourceQuality "1"]

1. e4 b6 2. Nc3 Bb7 3. d4 e6 4. Bd3 Nf6 5. Nge2 c5 6. Be3 cxd4 7. Bxd4 Be7 8. 0-0 0-0 9. Ng3 Nc6 10. Be3 Ne5 11. Bd4 Nxd3 12. Qxd3 d5 13. Rad1 dxe4 14. Ngxe4 Nxe4 15. Nxe4 Qd5 16. Qg3 g6 17. Nc3 Qc6 18. Rd2 Rfd8 19. Rfd1 Rd7 20. f3 f6 21. Qh4 e5 22. Be3 Rad8 23. Qf2 f5 24. Qe2 e4 25. Rxd7 Rxd7 26. Rxd7 Qxd7 27. Qc4+ Kg7 28. fxe4 fxe4 29. Nxe4 Bxe4 30. Qxe4 Bf6 31. c3 Kf7 32. Bd4 Bxd4+ 33. Qxd4 Qe6 34. Qf2+ Kg8 35. b3 Qe5 36. Qd2 h5 37. g3 g5 38. c4 Kh7 39. Qf2 Qa1+ 40. Kg2 Qe5 41. Qf7+ Kh6 42. Qf8+ Kg6 43. Qg8+ Kh6 44. Qf8+ 1/2-1/2

[Event "HUN-ch U14"]
[Site "Balatonlelle"]
[Date "2014.06.25"]
[Round "6"]
[White "Bege, Levente"]
[Black "Haselbach, David"]
[Result "1-0"]
[WhiteElo "1955"]
[BlackElo "1742"]
[PlyCount "119"]
[EventDate "2014.06.20"]
[EventType "swiss"]
[EventRounds "9"]
[EventCountry "HUN"]
[SourceTitle "EXT 2024"]
[Source "ChessBase"]
[SourceDate "2023.10.10"]
[SourceVersion "1"]
[SourceVersionDate "2023.10.10"]
[SourceQuality "1"]

1. Nc3 Nf6 2. e4 d6 3. d4 c6 4. Nf3 g6 5. Bd3 Bg7 6. 0-0 0-0 7. h3 Nbd7 8. e5 dxe5 9. dxe5 Nd5 10. Nxd5 cxd5 11. Re1 Nc5 12. Bf1 Ne4 13. c4 Be6 14. Bf4 Nc5 15. b4 Na6 16. Qb3 dxc4 17. Bxc4 Bxc4 18. Qxc4 Rc8 19. Qb5 Qb6 20. Qxb6 axb6 21. a3 Nc7 22. Bg5 Nd5 23. Red1 e6 24. Rdc1 Rc6 25. Rxc6 bxc6 26. Rc1 Rc8 27. Nd4 Bxe5 28. Rxc6 Rxc6 29. Nxc6 Bc3 30. Kf1 Kf8 31. Ke2 Ke8 32. Kd3 f6 33. Be3 Nxe3 34. fxe3 Be1 35. e4 Kd7 36. Nd4 Bg3 37. Kc4 e5 38. Ne2 Bf2 39. Kd5 Be3 40. g4 h6 41. Nc3 Bd4 42. Kc4 Bxc3 43. Kxc3 b5 44. Kb3 Ke6 45. a4 bxa4+ 46. Kxa4 f5 47. gxf5+ gxf5 48. exf5+ Kxf5 49. b5 e4 50. Kb3 e3 51. Kc2 Ke6 52. Kd3 Kd5 53. Kxe3 Kc5 54. Kf4 Kxb5 55. Kg4 Kc5 56. Kh5 Kd5 57. Kxh6 Ke5 58. Kg6 Ke6 59. h4 Ke7 60. Kg7 1-0

[Event "HUN-ch U14"]
[Site "Balatonlelle"]
[Date "2014.06.24"]
[Round "5"]
[White "Bege, Mate"]
[Black "Bege, Levente"]
[Result "1-0"]
[WhiteElo "1767"]
[BlackElo "1955"]
[PlyCount "101"]
[EventDate "2014.06.20"]
[EventType "swiss"]
[EventRounds "9"]
[EventCountry "HUN"]
[SourceTitle "EXT 2024"]
[Source "ChessBase"]
[SourceDate "2023.10.10"]
[SourceVersion "1"]
[SourceVersionDate "2023.10.10"]
[SourceQuality "1"]

1. e3 d5 2. Nf3 Bg4 3. Be2 Nd7 4. c4 dxc4 5. Bxc4 e6 6. d4 Ngf6 7. 0-0 Be7 8. Nbd2 0-0 9. a3 c5 10. dxc5 e5 11. c6 bxc6 12. Qc2 a5 13. b3 Qc7 14. Bb2 Bh5 15. Bd3 Bd6 16. Rac1 Nc5 17. Bf5 Bxf3 18. Nxf3 e4 19. Ng5 Nd3 20. Nxe4 Bxh2+ 21. Kh1 Nxb2 22. Nxf6+ gxf6 23. Qxb2 Be5 24. Qc2 Qe7 25. Qe4 Rfd8 26. Qg4+ Kf8 27. Bxh7 Qxa3 28. Rxc6 Qxb3 29. Rb1 Qa2 30. Qg8+ Ke7 31. Rb7+ Rd7 32. Qxa8 Qa1+ 33. Bb1 Qb2 34. Rxd7+ Kxd7 35. Bf5+ Ke7 36. Qa7+ Kf8 37. Qc5+ Kg7 38. Qc1 Qb5 39. Rc4 Bd6 40. Rg4+ Kf8 41. Qc8+ Ke7 42. Re4+ Be5 43. f4 Qf1+ 44. Kh2 a4 45. fxe5 Qxf5 46. Qxf5 a3 47. exf6+ Kd6 48. Qe5+ Kc6 49. Rc4+ Kb6 50. Qb8+ Ka5 51. Rb4 1-0

[Event "HUN-ch U14"]
[Site "Balatonlelle"]
[Date "2014.06.21"]
[Round "2"]
[White "Bohus, Adam"]
[Black "Bege, Levente"]
[Result "1-0"]
[WhiteElo "2029"]
[BlackElo "1955"]
[PlyCount "37"]
[EventDate "2014.06.20"]
[EventType "swiss"]
[EventRounds "9"]
[EventCountry "HUN"]
[SourceTitle "EXT 2024"]
[Source "ChessBase"]
[SourceDate "2023.10.10"]
[SourceVersion "1"]
[SourceVersionDate "2023.10.10"]
[SourceQuality "1"]

1. d4 d5 2. Nf3 Nf6 3. c4 c6 4. e3 Bg4 5. Nc3 e6 6. h3 Bh5 7. Qb3 Qb6 8. Ne5 Be7 9. g4 Bg6 10. Nxg6 hxg6 11. Bg2 dxc4 12. Qxc4 Nd5 13. 0-0 Nd7 14. e4 Nxc3 15. bxc3 Qc7 16. f4 Nb6 17. Qb3 g5 18. fxg5 0-0-0 19. Rxf7 1-0

[Event "HUN-chT2 Erkel 1314"]
[Site "Hungary"]
[Date "2013.09.08"]
[Round "1.11"]
[White "Bege, Levente"]
[Black "Barta, Zoltan"]
[Result "1-0"]
[WhiteElo "1877"]
[BlackElo "1911"]
[PlyCount "59"]
[EventDate "2013.09.08"]
[EventType "team-tourn"]
[EventRounds "11"]
[EventCountry "HUN"]
[SourceTitle "EXT 2016"]
[Source "ChessBase"]
[SourceDate "2015.10.08"]
[SourceVersion "1"]
[SourceVersionDate "2015.10.08"]
[SourceQuality "1"]
[WhiteTeam "Dunaharaszti II"]
[BlackTeam "Andornaktalya"]
[WhiteTeamCountry "HUN"]
[BlackTeamCountry "HUN"]

1. e4 g6 2. d4 Bg7 3. Nc3 d6 4. f4 c6 5. Nf3 Bg4 6. Be3 Qb6 7. Qd2 Nd7 8. Be2 Qc7 9. 0-0 e6 10. h3 Bxf3 11. Bxf3 d5 12. e5 Ne7 13. g4 0-0-0 14. b4 h5 15. Kg2 hxg4 16. hxg4 Rdg8 17. Rh1 Kb8 18. Na4 Nc8 19. Nc5 Ncb6 20. Be2 Bf8 21. a4 Ka8 22. b5 Nxc5 23. dxc5 Nd7 24. b6 axb6 25. cxb6 Qd8 26. Qa5+ Kb8 27. Qa7+ Kc8 28. Ba6 Nc5 29. Bxc5 bxa6 30. b7+ 1-0

[Event "Budapest Art Pub Cup 2nd"]
[Site "Budapest"]
[Date "2013.08.11"]
[Round "6"]
[White "Bege, Levente"]
[Black "Bohus, Adam"]
[Result "1/2-1/2"]
[WhiteElo "1826"]
[BlackElo "1917"]
[PlyCount "118"]
[EventDate "2013.08.09"]
[EventType "swiss"]
[EventRounds "6"]
[EventCountry "HUN"]
[SourceTitle "CBM 156 Extra"]
[Source "ChessBase"]
[SourceDate "2013.10.22"]
[SourceVersion "1"]
[SourceVersionDate "2013.10.22"]
[SourceQuality "1"]

1. e4 c5 2. Nf3 Nc6 3. Bb5 g6 4. 0-0 Bg7 5. c3 Nf6 6. Re1 0-0 7. d4 d5 8. e5 Ne4 9. Nbd2 Nxd2 10. Bxd2 Qb6 11. Bxc6 bxc6 12. Qb3 cxd4 13. Qxb6 axb6 14. cxd4 Bd7 15. Bb4 Rfe8 16. a3 e6 17. Rac1 Rec8 18. Rc2 Bh6 19. g3 Ra7 20. Nd2 c5 21. dxc5 bxc5 22. Rec1 c4 23. Rd1 Bf8 24. Bxf8 Kxf8 25. Rc3 Rb8 26. b4 Bb5 27. Nf3 Ba4 28. Rb1 Bb3 29. Nd4 Rxa3 30. Nxb3 Rxb4 31. Nd2 Rxb1+ 32. Nxb1 Ra1 33. Rc1 c3 34. Kf1 c2 35. Rxc2 Rxb1+ 36. Ke2 Rb4 37. f4 Re4+ 38. Kf3 Re1 39. Kf2 Rh1 40. Ke3 h5 41. Rc8+ Ke7 42. Rc7+ Ke8 43. h4 Ra1 44. Kf3 Ra3+ 45. Kf2 Ra8 46. Kf3 Rd8 47. g4 hxg4+ 48. Kxg4 d4 49. Rc2 d3 50. Rd2 Kf8 51. h5 gxh5+ 52. Kxh5 Kg7 53. Rg2+ Kf8 54. Rd2 Ke7 55. Kg4 f5+ 56. Kg3 Rd4 57. Kf3 Kf7 58. Ke3 Rd5 59. Rxd3 Rxd3+ 1/2-1/2

[Event "HUN-ch U14"]
[Site "Balatonlelle"]
[Date "2013.06.29"]
[Round "9"]
[White "Bege, Levente"]
[Black "Marosi, Levente"]
[Result "1-0"]
[WhiteElo "1815"]
[BlackElo "2037"]
[PlyCount "67"]
[EventDate "2013.??.??"]
[EventType "tourn"]
[EventRounds "9"]
[EventCountry "HUN"]
[SourceTitle "EXT 2014"]
[Source "ChessBase"]
[SourceDate "2013.11.20"]
[SourceVersion "1"]
[SourceVersionDate "2013.11.20"]
[SourceQuality "1"]

1. e4 c5 2. Nf3 d6 3. d4 cxd4 4. Nxd4 Nf6 5. Nc3 a6 6. Bg5 Nbd7 7. Bc4 e6 8. Qd2 b5 9. Bb3 h6 10. Bxf6 Nxf6 11. f3 Be7 12. Nc6 Qc7 13. Nxe7 Kxe7 14. 0-0-0 Bb7 15. Rhe1 Qc5 16. Kb1 Rhd8 17. g4 a5 18. a4 b4 19. Nb5 Ba6 20. Nd4 Rac8 21. h4 g6 22. Qxh6 Rh8 23. Qg5 e5 24. Nb5 Bxb5 25. axb5 Qxb5 26. Rd5 Qb6 27. Red1 Rcd8 28. f4 Qe3 29. Rxe5+ dxe5 30. Qxe5+ Kf8 31. Rxd8+ Kg7 32. Rxh8 a4 33. Bxa4 Qg1+ 34. Ka2 1-0

[Event "HUN-ch U14"]
[Site "Balatonlelle"]
[Date "2013.06.28"]
[Round "8"]
[White "Ruck, Robert1111"]
[Black "Bege, Levente"]
[Result "1-0"]
[WhiteElo "2055"]
[BlackElo "1815"]
[PlyCount "91"]
[EventDate "2013.??.??"]
[EventType "tourn"]
[EventRounds "9"]
[EventCountry "HUN"]
[SourceTitle "EXT 2014"]
[Source "ChessBase"]
[SourceDate "2013.11.20"]
[SourceVersion "1"]
[SourceVersionDate "2013.11.20"]
[SourceQuality "1"]

1. e4 c5 2. Nf3 d6 3. Bb5+ Bd7 4. Bxd7+ Qxd7 5. c4 Nc6 6. d4 cxd4 7. Nxd4 Nf6 8. Nc3 e6 9. 0-0 Be7 10. Be3 0-0 11. Qe2 a6 12. Rad1 Qc7 13. b3 Qa5 14. Rc1 Rfd8 15. Rfd1 Rac8 16. f3 h6 17. Qf2 Qh5 18. Nde2 Nd7 19. Na4 Qg6 20. Nb6 Nxb6 21. Bxb6 Rd7 22. Rc2 Bd8 23. Rcd2 Bxb6 24. Qxb6 Ne5 25. Kf2 Rc6 26. Qb4 Qf6 27. h3 Qe7 28. a3 Qh4+ 29. Kf1 Qe7 30. f4 Ng6 31. g3 e5 32. f5 Nf8 33. Nc3 Nh7 34. Nd5 Qd8 35. Kg2 Nf6 36. Kf3 Ne8 37. a4 Nf6 38. a5 Nxd5 39. Rxd5 Qc7 40. Qd2 Rc5 41. Rxd6 Rxd6 42. Qxd6 Qxa5 43. Qb8+ Kh7 44. Rd8 g5 45. Rh8+ Kg7 46. Qf8+ 1-0

[Event "HUN-ch U14"]
[Site "Balatonlelle"]
[Date "2013.06.24"]
[Round "4"]
[White "Bege, Levente"]
[Black "Gledura, Benjamin"]
[Result "0-1"]
[WhiteElo "1815"]
[BlackElo "2421"]
[PlyCount "60"]
[EventDate "2013.??.??"]
[EventType "tourn"]
[EventRounds "9"]
[EventCountry "HUN"]
[SourceTitle "EXT 2014"]
[Source "ChessBase"]
[SourceDate "2013.11.20"]
[SourceVersion "1"]
[SourceVersionDate "2013.11.20"]
[SourceQuality "1"]

1. e4 c5 2. Nf3 e6 3. d4 cxd4 4. Nxd4 Nc6 5. Nc3 Qc7 6. Nxc6 bxc6 7. Bd3 Nf6 8. Qe2 e5 9. 0-0 Be7 10. Kh1 d6 11. h3 Rb8 12. b3 0-0 13. f4 exf4 14. Bxf4 Nd7 15. Na4 Bf6 16. Rad1 Ne5 17. Nb2 Ng6 18. Nc4 Nxf4 19. Rxf4 d5 20. e5 Bg5 21. Bxh7+ Kxh7 22. Qh5+ Bh6 23. Nd6 Be6 24. Rh4 Qe7 25. Rf1 f6 26. Rxf6 Rxf6 27. exf6 Qxf6 28. g4 Qf1+ 29. Kh2 Qf4+ 30. Kg2 g6 0-1

[Event "HUN-ch U14"]
[Site "Balatonlelle"]
[Date "2013.06.22"]
[Round "2"]
[White "Bege, Levente"]
[Black "Czupor, Attila"]
[Result "1-0"]
[WhiteElo "1815"]
[BlackElo "1939"]
[PlyCount "177"]
[EventDate "2013.??.??"]
[EventType "tourn"]
[EventRounds "9"]
[EventCountry "HUN"]
[SourceTitle "EXT 2014"]
[Source "ChessBase"]
[SourceDate "2013.11.20"]
[SourceVersion "1"]
[SourceVersionDate "2013.11.20"]
[SourceQuality "1"]

1. e4 e5 2. Nf3 Nc6 3. Bc4 Nf6 4. d3 h6 5. c3 d6 6. Nbd2 g6 7. 0-0 Bg7 8. Re1 0-0 9. h3 Nd7 10. Bb3 Nb6 11. a4 a5 12. Nc4 Nxc4 13. Bxc4 Kh7 14. Qe2 f5 15. Bd2 Qf6 16. Bb3 fxe4 17. dxe4 Bxh3 18. Ng5+ hxg5 19. gxh3 Bh6 20. Kg2 Kg7 21. Be3 Rh8 22. Qg4 Raf8 23. Rg1 Rh7 24. Raf1 Ne7 25. Kh2 c6 26. Rg3 Rfh8 27. Rf3 Nf5 28. exf5 d5 29. fxg6 Qxg6 30. Qd7+ Kg8 31. Qc8+ Kg7 32. Qxb7+ Kg8 33. Qc8+ Kg7 34. Qd7+ Kg8 35. Qf5 Qxf5 36. Rxf5 Bg7 37. Rxg5 Rxh3+ 38. Kg2 Kf7 39. Rg3 R3h7 40. Bc2 e4 41. Rg1 Be5 42. Rg5 Bf6 43. Rf5 Rg8+ 44. Kf1 Rxg1+ 45. Kxg1 Ke6 46. Rf4 Rb7 47. b3 Bxc3 48. Bc5 Bb4 49. Bxb4 Rxb4 50. f3 exf3 51. Rxf3 Rd4 52. Re3+ Kd6 53. Kf2 Rd2+ 54. Re2 Rd4 55. Ke3 Kc5 56. Rf2 Rh4 57. Kd2 Kb4 58. Rf6 Rh2+ 59. Kc1 Kc5 60. Kb2 d4 61. Kc1 Re2 62. Bd3 Rh2 63. Re6 Kb4 64. Rxc6 Kxb3 65. Bb5 Rg2 66. Rd6 Kc3 67. Rc6+ Kb3 68. Rc4 d3 69. Rd4 d2+ 70. Rxd2 Rg1+ 71. Rd1 Rg2 72. Rd3+ Kb4 73. Rd2 Rg4 74. Kc2 Rh4 75. Kd3 Rh6 76. Ke4 Kc5 77. Rc2+ Kb6 78. Re2 Kc5 79. Rc2+ Kb6 80. Re2 Kc5 81. Kf5 Rh5+ 82. Ke6 Rh6+ 83. Kd7 Rh7+ 84. Re7 Rh5 85. Kc7 Rh6 86. Re5+ Kb4 87. Bc6 Rg6 88. Kb6 Rh6 89. Rb5+ 1-0

[Event "HUN-ch U14"]
[Site "Balatonlelle"]
[Date "2013.06.21"]
[Round "1"]
[White "Buzas, Bertalan"]
[Black "Bege, Levente"]
[Result "1-0"]
[WhiteElo "1845"]
[BlackElo "1815"]
[PlyCount "77"]
[EventDate "2013.??.??"]
[EventType "tourn"]
[EventRounds "9"]
[EventCountry "HUN"]
[SourceTitle "EXT 2014"]
[Source "ChessBase"]
[SourceDate "2013.11.20"]
[SourceVersion "1"]
[SourceVersionDate "2013.11.20"]
[SourceQuality "1"]

1. e4 c5 2. Nf3 d6 3. d4 cxd4 4. Nxd4 Nf6 5. Nc3 a6 6. h3 e6 7. g4 h6 8. Bg2 Be7 9. Be3 Qc7 10. 0-0 Bd7 11. a4 Bc6 12. f4 Nbd7 13. a5 Nh7 14. b4 Ndf8 15. Nxc6 bxc6 16. Bb6 Qb7 17. Na4 Nd7 18. c4 0-0 19. Rb1 e5 20. b5 cxb5 21. cxb5 axb5 22. Rxb5 Nxb6 23. Qb3 Qa7 24. Nxb6 Nf6 25. Kh1 Rab8 26. fxe5 dxe5 27. Rxe5 Rfd8 28. Rb5 Bf8 29. e5 Nxg4 30. hxg4 Qe7 31. Qg3 Qg5 32. Bd5 Qd2 33. Qf4 Qd3 34. Qxf7+ Kh7 35. Qg8+ Kg6 36. Qe6+ Kg5 37. Rf5+ Kh4 38. Rh5+ Kg3 39. Rb3 1-0

[Event "HUN-chT U18"]
[Site "Miskolc"]
[Date "2011.11.06"]
[Round "8.6"]
[White "Marjanovic, Annamaria"]
[Black "Bege, Levente"]
[Result "0-1"]
[WhiteElo "1792"]
[BlackElo "1486"]
[PlyCount "120"]
[EventDate "2011.11.02"]
[EventType "team-swiss"]
[EventRounds "8"]
[EventCountry "HUN"]
[SourceTitle "EXT 2012"]
[Source "ChessBase"]
[SourceDate "2011.11.24"]
[SourceVersion "1"]
[SourceVersionDate "2011.11.24"]
[SourceQuality "1"]
[WhiteTeam "Maroczy"]
[BlackTeam "Dunaharaszti"]
[WhiteTeamCountry "HUN"]
[BlackTeamCountry "HUN"]

1. e4 d6 2. d4 Nf6 3. Nc3 c6 4. f4 g6 5. Nf3 Bg7 6. Bd3 0-0 7. 0-0 b5 8. a3 Nbd7 9. e5 Ne8 10. Qe1 e6 11. exd6 Nxd6 12. Ne5 Qc7 13. a4 b4 14. Ne4 a5 15. Nxd6 Qxd6 16. Be3 Nb6 17. Be4 Bb7 18. Qf2 Nd5 19. Bd2 Rfd8 20. c3 Rac8 21. Nc4 Qe7 22. Nxa5 Ba6 23. Rfe1 Qc7 24. Nb3 bxc3 25. bxc3 Bh6 26. Nc5 Bc4 27. g3 Nf6 28. Bf3 Nd7 29. Nxd7 Qxd7 30. Reb1 Rb8 31. Be3 Bd3 32. Rb2 Bg7 33. Qd2 Bc4 34. Rab1 Ra8 35. Rb4 Bd5 36. Qe2 Bf8 37. Rb7 Qc8 38. Bxd5 cxd5 39. Qc2 Qc6 40. R7b5 Ra7 41. Qb3 Kg7 42. Bd2 Rda8 43. Ra1 Be7 44. a5 Bd8 45. Rc5 Qd7 46. c4 dxc4 47. Qxc4 Bb6 48. Bc3 Bxc5 49. dxc5+ Kg8 50. c6 Qd5 51. Qb4 Rc7 52. Qb2 Qxc6 53. Bh8 Qc5+ 54. Bd4 Qc2 55. Qb5 Qe4 56. Bf2 Qd5 57. Qb6 Rb7 58. Qe3 Rxa5 59. Rc1 Ra8 60. Qc3 Rab8 0-1

[Event "HUN-chT U18"]
[Site "Miskolc"]
[Date "2011.11.05"]
[Round "7.6"]
[White "Bege, Levente"]
[Black "Kassay, Lilla"]
[Result "1/2-1/2"]
[WhiteElo "1486"]
[BlackElo "1713"]
[PlyCount "120"]
[EventDate "2011.11.02"]
[EventType "team-swiss"]
[EventRounds "8"]
[EventCountry "HUN"]
[SourceTitle "EXT 2012"]
[Source "ChessBase"]
[SourceDate "2011.11.24"]
[SourceVersion "1"]
[SourceVersionDate "2011.11.24"]
[SourceQuality "1"]
[WhiteTeam "Dunaharaszti"]
[BlackTeam "Miskolc"]
[WhiteTeamCountry "HUN"]
[BlackTeamCountry "HUN"]

1. e4 c5 2. Nf3 d6 3. d4 cxd4 4. Qxd4 Nf6 5. Nc3 e6 6. Bg5 Be7 7. Bb5+ Bd7 8. Bxd7+ Nbxd7 9. 0-0 a6 10. Rad1 0-0 11. Rfe1 Qc7 12. h3 Rac8 13. a3 Rfd8 14. Qb4 Qb6 15. Qb3 Rc6 16. e5 dxe5 17. Rxd7 Rxd7 18. Nxe5 Qxb3 19. cxb3 Rd8 20. Nxc6 bxc6 21. Rd1 Rb8 22. b4 Rb7 23. Ne4 Kf8 24. Nxf6 gxf6 25. Be3 Ke8 26. Rd2 Rb5 27. Kf1 e5 28. Ke2 a5 29. bxa5 Rxa5 30. Kf3 f5 31. g3 h5 32. h4 f6 33. Ke2 Ra4 34. Kd1 Kf7 35. Rc2 Ra6 36. Bc5 Bxc5 37. Rxc5 Ke6 38. Kc2 Kd6 39. Rc3 c5 40. Rd3+ Ke6 41. Kc3 Ra4 42. Rd8 f4 43. Rh8 fxg3 44. fxg3 Rg4 45. Rxh5 Rxg3+ 46. Kc4 e4 47. Rh8 Kf7 48. Rh7+ Ke6 49. a4 e3 50. Kd3 Rg4 51. a5 Ra4 52. Ra7 Rxh4 53. a6 Ra4 54. Ra8 Kd7 55. Kxe3 Kc7 56. a7 Kb7 57. Rf8 Kxa7 58. Rxf6 Rb4 59. Rc6 Rxb2 60. Rxc5 Rb3+ 1/2-1/2

[Event "HUN-chT U18"]
[Site "Miskolc"]
[Date "2011.11.04"]
[Round "4.6"]
[White "Bege, Levente"]
[Black "Mikulas, Viktoria"]
[Result "1-0"]
[WhiteElo "1486"]
[BlackElo "1355"]
[PlyCount "71"]
[EventDate "2011.11.02"]
[EventType "team-swiss"]
[EventRounds "8"]
[EventCountry "HUN"]
[SourceTitle "EXT 2012"]
[Source "ChessBase"]
[SourceDate "2011.11.24"]
[SourceVersion "1"]
[SourceVersionDate "2011.11.24"]
[SourceQuality "1"]
[WhiteTeam "Dunaharaszti"]
[BlackTeam "Sarkany"]
[WhiteTeamCountry "HUN"]
[BlackTeamCountry "HUN"]

1. e4 e5 2. Nf3 Nc6 3. Bc4 Bc5 4. c3 Nf6 5. d3 d6 6. Nbd2 Be6 7. Bxe6 fxe6 8. 0-0 0-0 9. Re1 Qe7 10. b4 Bb6 11. Nc4 h6 12. Be3 Nd7 13. a4 d5 14. Nxb6 Nxb6 15. Bc5 Qf6 16. Bxf8 Rxf8 17. Qd2 d4 18. cxd4 Nxd4 19. Nxd4 exd4 20. a5 Nd7 21. Rac1 c6 22. Rc2 Ne5 23. f3 Ng6 24. Rc4 Nh4 25. Qf2 Qg5 26. Qg3 Qf6 27. e5 Qd8 28. Re4 Nf5 29. Qg6 Qd7 30. Rf4 Qe7 31. g4 Ne3 32. Rxf8+ Kxf8 33. Rxd4 Nd5 34. Qh7 Nxb4 35. Rf4+ Ke8 36. Qg8+ 1-0

[Event "HUN-chT U18"]
[Site "Miskolc"]
[Date "2011.11.03"]
[Round "2.6"]
[White "Papp, Peter"]
[Black "Bege, Levente"]
[Result "1/2-1/2"]
[WhiteElo "1554"]
[BlackElo "1486"]
[PlyCount "120"]
[EventDate "2011.11.02"]
[EventType "team-swiss"]
[EventRounds "8"]
[EventCountry "HUN"]
[SourceTitle "EXT 2012"]
[Source "ChessBase"]
[SourceDate "2011.11.24"]
[SourceVersion "1"]
[SourceVersionDate "2011.11.24"]
[SourceQuality "1"]
[WhiteTeam "Roszke"]
[BlackTeam "Dunaharaszti"]
[WhiteTeamCountry "HUN"]
[BlackTeamCountry "HUN"]

1. e4 d6 2. d4 Nf6 3. Nc3 g6 4. Nf3 Bg7 5. Bc4 0-0 6. 0-0 Nbd7 7. Re1 Nb6 8. Bb3 c6 9. h3 Qc7 10. Bf4 Nfd7 11. Qd2 c5 12. dxc5 Nxc5 13. e5 Nxb3 14. axb3 dxe5 15. Nxe5 Qc5 16. Nd3 Qf5 17. Rxe7 Nd5 18. Nxd5 Qxd5 19. Qa5 Qc6 20. Qc7 Qf6 21. Be5 Qg5 22. Bxg7 Kxg7 23. Kh2 Qd2 24. Qe5+ Kg8 25. Qe2 Qxe2 26. Rxe2 Bf5 27. Re7 Rfc8 28. Rxb7 Rxc2 29. Ne5 Rxf2 30. Rb4 Rxb2 31. Nc6 Be6 32. Ra3 Bd5 33. Ne7+ Kg7 34. Nxd5 a5 35. Rba4 Rd8 36. Rxa5 Rd2 37. Nb4 Rb2 38. Rg5 Rdd2 39. Rg3 f5 40. h4 Kh6 41. Kh3 Rd1 42. Rg5 Rd4 43. Nc6 Rd3+ 44. Rg3 Rd1 45. Kh2 Rbb1 46. Rf3 Kh5 47. Ra7 Kxh4 48. Rxh7+ Kg4 49. Ne5+ Kg5 50. Nf7+ Kf6 51. Kg3 g5 52. Nh8 Rh1 53. Rxh1 Rxh1 54. Nf7 f4+ 55. Kf2 Kxf7 56. g3 Rh2+ 57. Kg1 Rh3 58. Kg2 Rxg3+ 59. Rxg3 fxg3 60. Kxg3 Ke6 1/2-1/2